States of Mexico - Sudden Death! - Statistics

General Stats
  • This quiz has been taken 49 times
  • The average score is 12 of 16
Answers on the Grid
Answers color-coded by a green-red scale on the quiz's grid according to % correct below.
Yucatán
Tlaxcala
Hidalgo
Tabasco
Guerrero
Tamaulipas
Puebla
Sinaloa
Sonora
Veracruz
Querétaro
Guanajuato
Nayarit
Colima
Coahuila
Baja California
Mexicali
Monterrey
Cuernavaca
Mérida
Tuxtla
Puerto Vallarta
Pachuca
Toluca
Cancún
Nogales
Tehuacán
Texcoco
 
Answer Stats
Answer % Correct
Yucatán
84%
Baja California
79%
Querétaro
76%
Veracruz
76%
Coahuila
74%
Colima
74%
Guanajuato
74%
Guerrero
74%
Sonora
74%
Tabasco
74%
Sinaloa
71%
Tamaulipas
68%
Hidalgo
66%
Puebla
66%
Nayarit
63%
Tlaxcala
61%
No matching quizzes found
Score Distribution
Percent of People with Each Score
Percentile by Number Answered
Your Score History
You have not taken this quiz